000 02009nam a2200517 i 4500
001 143290
003 FlNmELB
005 20241217181743.0
006 m o d |
007 cr cnu||||||||
008 150406s2014 sp ob 001 0 spa d
020 _z9788420684062
020 _a9788420685861 (e-book)
035 _a(MiAaPQ)EBC3228042
035 _a(Au-PeEL)EBL3228042
035 _a(CaPaEBR)ebr11028634
035 _a(OCoLC)992100241
040 _aFINmELB
_bspa
_erda
_cFINmELB
050 4 _aLC1031
_b.C111 2014
080 _a37
082 0 _a372.1264
_223
100 1 _aCañas, Ana.
245 1 0 _aCompetencia en el conocimiento y la interacción con el mundo físico :
_bla competencia científica /
_cAna Cañas, María Jesús Martín-Díaz, Juana Nieda.
264 1 _aMadrid :
_bAlianza Editorial,
_c2014.
300 _a1 recurso en línea (143 páginas)
336 _atexto
_btxt
_2rdacontent/spa
337 _acomputadora
_bc
_2rdamedia/spa
338 _arecurso en línea
_bcr
_2rdacarrier/spa
490 1 _aCompetencias básicas en educación
500 _aIncluye índice.
504 _aContiene bibliografía.
588 _aDescripción basada en recurso en línea; Título de la página del título en PDF (e-libro, visto April 06, 2015).
590 _aRecurso electrónico. Santa Fe, Arg.: e-libro, 2015. Disponible vía World Wide Web. El acceso puede estar limitado para las bibliotecas afiliadas a e-libro.
650 0 _aCompetency based education.
650 0 _aScience
_xStudy and teaching.
650 0 _aCurriculum planning.
650 4 _aEducación basada en competencias.
650 4 _aCiencia
_xEstudio y enseñanza.
650 4 _aPlanificación del currículo.
655 4 _aLibros electrónicos.
700 1 _aMartín-Díaz, María Jesús,
_eautor.
700 1 _aNieda, Juana,
_eautor.
797 2 _ae-libro, Corp.
830 0 _aCompetencias básicas en educación.
856 4 0 _uhttps://elibro.net/ereader/politecnicointernacional/45393
999 _c143290
_d143290